Countries without mcdonalds - Statistics

General Stats
  • This quiz has been taken 27 times
  • The average score is 37 of 71
Answer Stats
Answer % Correct
niger
75%
south sudan
75%
Sudan
75%
Chad
71%
mali
71%
nigeria
71%
Russia
71%
Syria
71%
Afghanistan
67%
Central African republic
67%
D.R.Congo
67%
Eritrea
67%
Iran
67%
somalia
67%
Yemen
67%
Algeria
63%
ghana
63%
guinea
63%
Iraq
63%
Malawi
63%
North Korea
63%
rwanda
63%
Tajikistan
63%
Turkmenistan
63%
angola
58%
Armenia
58%
Djibouti
58%
ethiopia
58%
Gabon
58%
Guinea-Bissau
58%
Lesotho
58%
Libya
58%
Mauritania
58%
togo
58%
uganda
58%
benin
54%
Bhutan
54%
Kazakhstan
54%
kenya
54%
Mozambique
54%
namibia
54%
Uzbekistan
54%
botswana
50%
burkina faso
50%
Burundi
50%
gambia
50%
Kyrgyzstan
50%
Zimbabwe
50%
equatorial guinea
46%
ivory coast
46%
Myanmar
46%
sierra leone
46%
Zambia
46%
cameroon
42%
Haiti
42%
Nepal
42%
senegal
42%
East timor
38%
Mongolia
38%
Bangladesh
33%
Cambodia
33%
Iceland
33%
Laos
33%
Belize
29%
Jamaica
25%
tanzania
25%
Bolivia
21%
Bosnia and Herzegovina
17%
albania
8%
Montenegro
8%
new guinea
4%
No matching quizzes found
Score Distribution
Percent of People with Each Score
Percentile by Number Answered
Your Score History
You have not taken this quiz